1578 1340 1866 1855 1993 1102 1413 1563 1155 1950 1823 1529 1728 1811 1063 1579 1350 1511 1379 1644 1722 1524 1770 1473 1761 1894 1172 1640 1588 1059 1102 1292 1556 1668 1169 1307 1059 1026 1918 1755 1922 1261 1071 1994 1351 1310 1691 1907 1405 1182 1888 1466 1320 1776 1992 1915 1178 1006 1076 1909 1053 1882 1821 1991 1363 1800 1662 1197 1757 1218 1504 1661 1309 1934 1668 1814 1061 1465 1483 1107 1628 1097 1171 1271 1268 1677 1623 1456 1006 1319 1231 1396 1828 1173 1316 1157 1187 1233 1549 BCNSPRNW ULIB Ver.6.0+V

เปลี่ยนเป็นภาษาไทย

Change to English
 แสดงรายละเอียดบรรณานุกรม
  กลับหน้าหลัก

Brief Record : Get Marc (ISO 2709) : E-mail record : QR code < ปิดหน้าต่าง
LEADER : 00000nam 2200000uu 4500
001    13399110143
003     ULIB
008    110422s2552||||th 000 0 tha d
024    9786117024061
090    นว^bว485ซ 2552
100 0  วารีสีคราม
245    ซัมมอร์รัก...พักหัวใจนายไฮโซ^cวารีสีคราม
260    กรุงเทพฯ:^bHappy book,^c2552
300    176 หน้า
945    ^p79^l0^i029996
995    เกษร
999     ^aใช้งานได้ทุกระบบ
รายการนี้ยังไม่มีแท็ก
คุณยังไม่ได้ล็อกอิน คุณสามารถมีกิจกรรมร่วมกับเว็บไซต์ได้ แต่ต้องล็อกอินก่อน ::
  ล็อกอิน

รายการสื่อสารสนเทศ

ลำดับที่ ประเภท เลขเรียก/บาร์โค้ด สถานที่ สถานะ
1. นวนิยาย
นวนิยาย
นว ว485ซ 2552  
  Barcode: 029996
ห้องสมุดวิทยาเขตสวรรค์ประชารักษ์
►นวนิยาย
บนชั้น
  ขอยืม

BibComment


ยังไม่เคยถูกคอมเมนท์

คอมเมนท์ทรัพยากรรายการนี้
  คอมเมนท์: ซัมมอร์รักพักหัวใ..


 Copyright 2026. Bcnsprnw @Library